000 00347nam a2200133Ia 4500
008 231129s1980||||xx |||||||||||||| ||spa||
040 _bspa
082 _aV868 G137m
100 _aGaitan de Paris Blanca
245 0 _aLa mujer en la vida del Libertador
260 _c1980
264 _aCooperativa Nacional de Artes Graficas
942 _2ddc
_cBKS
999 _c17687
_d17687